000 00749nam a2200253 a 4500
008
020 _a007352817x (pbk.)
049 _aMAIN
090 _aHM435
_bRIT
100 1 _aRitzer,George.
245 1 0 _aClassical sociological theory /
_cGeorge, Ritzer.
260 _aBoston :
_b McGraw-Hill Higher education,
_c2008.
300 _a5th ed.
300 _axvi, 480 p +[various pagings]. :
_bill. ;
_c23 cm.
504 _aIncludes bibliographical references.
500 _aIncludes index.
650 _aSociologists-Biography.
650 1 _aSociology-history.
907 _a.b10287553
_b07-06-12
_c18-11-10
003
005 20230123125109.0
040 _cNUST
942 _cBOOKS
_kHM435
_mRIT
999 _c135666
_d135666